📖💬 Paroles "L'Homme entre deux âges et..." la Fontaine - Statistiques

Statistiques générales
  • Ce quiz a Ă©tĂ© pris 45 fois
  • Le rĂ©sultat moyen est 114 sur 213
Statistiques - réponses
Mots % Correct
d'
100%
de
100%
De
100%
Et
100%
et
100%
homme
100%
L'
100%
l'
100%
Un
100%
un
100%
Ă -
92%
Ă 
92%
il
92%
Il
92%
il,
92%
la
92%
La
92%
le
92%
m'
92%
n'
92%
qu'
92%
qui
92%
Qui
92%
se
92%
âge,
85%
C'
85%
Deux
85%
deux
85%
En
85%
en
85%
J'
85%
les
85%
que
85%
sa
85%
une
85%
vous
85%
ai
77%
au
77%
Ce
77%
Je
77%
je
77%
Mais
77%
ne
77%
son
77%
dire
69%
est
69%
est-
69%
pas
69%
plus
69%
quoi
69%
autre
62%
Bien
62%
bien
62%
Car
62%
dit-
62%
du
62%
était
62%
leur
62%
lui
62%
par
62%
suis
62%
sur
62%
avait
54%
Ces
54%
sans
54%
si
54%
tous
54%
Toutes
54%
notre
46%
point
46%
Vieille
46%
fût
38%
Jeune
38%
peu
38%
Celle
31%
encor
31%
guise.
31%
non
31%
petite
31%
affaire.
23%
avez
23%
Belles,
23%
coeur
23%
mille
23%
moyen
23%
part ;
23%
part
23%
tant.
23%
tant
23%
tĂŞte.
23%
tĂŞte
23%
tour.
23%
Afin
15%
allaient
15%
amant
15%
amoureux
15%
choisir.
15%
eurent
15%
façon
15%
noir
15%
nouvelles.
15%
obligé,
15%
plaire ;
15%
voulaient
15%
adresser
8%
ajustant
8%
art
8%
badinant,
8%
blancs
8%
chauve
8%
cheveux,
8%
Demeura
8%
détruit
8%
douta
8%
emportait
8%
faisant
8%
fĂŞte,
8%
firent
8%
gagné
8%
grâces,
8%
grise
8%
grison,
8%
Hymen,
8%
Jugea
8%
leçon.
8%
mariage.
8%
mienne.
8%
moments
8%
mûre ;
8%
nature.
8%
partant
8%
perdu :
8%
poil
8%
poils
8%
prendrais
8%
pressait
8%
quelquefois
8%
rends,
8%
réparait
8%
restait,
8%
riant,
8%
saccageait
8%
saison
8%
songer
8%
testonnant,
8%
tienne ;
8%
tirant
8%
tondu :
8%
vécusse,
8%
verte,
8%
veuves
8%
Veuves
8%
voudrait
8%
contant.
0%
Aucun quiz correspondant
Distribution des résultats
% des personnes avec chaque résultat
Percentile par nombre de réponses
Votre historique - résultats
Vous n’avez pas pris ce quiz